000 00448nam a2200169Ia 4500
008 180921t2017 xxu||||| |||| 00| 0 sin d
041 _asin
080 _aX8C32
_bKAL
100 _aKalinga, Kapila Kumara
245 _aජායීපූර් සුන්දරී
246 _aJaaipur Sundaree
260 _bFast Publication
_aColombo
_c2017
300 _a148p, 21cm
942 _cBK
999 _c9542
_d9542
003 LK-CoDNM
040 _aLK-CoDNM
_dLK-CoDNM
_eLK-CoDNM